01501nam a2200373 a 4500008004100000020001500041041000800056092002100064100002500085245003900110250004000149260003000189300001100219500007400230653001900304653005100323653005800374653006000432653003200492653002600524653005500550653004200605653004200647653005000689653005200739653004100791653006100832653003200893653004200925653003100967942001200998999001301010952010401023110907s1983 sp # f |||| 001 0 spa d a8485860055 aspa c150.195l12sCLA1 aClavreul, Jean91524 3aEl orden médico /cJean Clavreul a1a ed.bTraducción Marta Vassallo aBarcelona:bArgot;c1983. a320 p. aClavreul, J. (1983). El orden médico. (1a ed.). Barcelona : Argot.  aOrden médico aMedicina. Ciencias positicas. Ciencias humanas aOrigenes de la medicina. Mitologías del positivismo aMedicina como discurso. Poder e impotencia del discurso aDiscurso del Maestro de Cos aExclusión del deseo aObjeto de la medicina define el deseo del médico aEnfermedad como objeto de la medicina aSer sufriente a la espera. El enfermo aDiscurso médico y discurso psicoanalítico aClínica médica y clínica psicoanalítica aSemiología clínica y semiótica aEfectos del discurso médico: una ética en cuestión aIdeología a deontología aOrden científico y orden jurídico aClínica psicoanalítica 2ddccBK c932d932 00102ddc4070aBFMbBFMcCRd2011-09-07l0o150.195 12 CLAp202r2024-11-20tej.1w2011-09-07yBK